| 000 | 01237nam a2200337Ia 4500 | ||
|---|---|---|---|
| 001 | Z_7124 | ||
| 003 | CHAP | ||
| 005 | 20221031162859.0 | ||
| 008 | 220113s2018 xx 000 0 und d | ||
| 010 | _a170396 | ||
| 040 | _cCHAP | ||
| 090 | _aTesis M675 2669 | ||
| 100 |
_aMorales Solorzano, Samuel _9135924 |
||
| 245 |
_aInclusión de grasa protegida en la dieta y su relación con el restablecimiento de la actividad ovárica postparto en ovejas pelibuey / _cSamuel Morales Solorzano |
||
| 260 |
_aMéxico : _bEl autor, _c2018 |
||
| 300 | _a63 p | ||
| 502 | _aTesis (Ingeniero Agrónomo Especialista en Zootecnia) -- UACh, 2018 \ Dirección: Jaime Gallegos Sánchez; asesoría: Carlos Sánchez del Real y Carlos G. Germán Alarcon | ||
| 650 |
_aFecundidad _939907 |
||
| 650 |
_aFertilidad _9144042 |
||
| 650 |
_aHormonas _956235 |
||
| 650 |
_aProlificidad _9144581 |
||
| 700 |
_a Germán Alarcon, Carlos G., asesor _9138869 |
||
| 700 |
_a Sánchez del Real, Carlos, asesor _9141474 |
||
| 700 |
_aGallegos Sánchez, Jaime, director _9143068 |
||
| 856 |
_uhttp://10.13.5.2/tesis/sist115104.pdf _yDescargar PDF |
||
| 901 | _aTESIS M675 2669 | ||
| 902 | _aA | ||
| 910 | _a2018 | ||
| 942 |
_c2 _2ddc |
||
| 942 |
_c2 _2ddc |
||
| 999 |
_c170396 _d170396 |
||